000 00782nas a2200265 4500
001 BR2014003832
003 BR-BrBNA
005 20231205124141.0
007 ta
008 230509b bl.|||p| |||| 00| 00por d
040 _aBR-BrBNA
_bpor
_cBiblioteca Nacional de Agricultura
041 _a(Pt)
072 _aF50
100 1 _aGuimarães, E.F.
100 1 _aSaavedra, M.M.
100 1 _aCosta, C.G.
245 1 _aFrutos e sementes em Schultesia Mart. e Xestaea Griseb. (Gentianaceae)
650 _aFRUTO
650 _aSEMENTE
650 _aGENTIANACEAE
650 _aDICOTILEDÔNEA
773 0 _tActa Botanica Brasilica (Brazil)
_xISSN 0102-3306
_g(Apr- Jun 2007), v. 21(2) p. 309-323
_wBR2014003832
909 _a202311
_bLúcia
_c55
_dLúcia Elande
942 _2AGRIS
_n0
_cANA
999 _c237548
_d237548